Плюсы и минусы прогрессивного налога на доходы физических лиц; Экономика России в XXI веке

Dades bibliogràfiques
Parent link:Экономика России в XXI веке.— 2011.— С. 10-12
Autor principal: Вяткина Л. В.
Idioma:rus
Publicat: 2011
Col·lecció:Современные тенденции бухгалтерского учета и аудита
Matèries:
Format: MixedMaterials Capítol de llibre
KOHA link:https://koha.lib.tpu.ru/cgi-bin/koha/opac-detail.pl?biblionumber=235632

MARC

LEADER 00000naa2a2200000 4500
001 235632
005 20231031204307.0
035 |a (RuTPU)RU\TPU\book\256772 
035 |a RU\TPU\book\256769 
090 |a 235632 
100 |a 20130412d2011 k y0rusy50 ca 
101 0 |a rus 
102 |a RU 
200 1 |a Плюсы и минусы прогрессивного налога на доходы физических лиц  |f Л. В. Вяткина 
225 1 |a Современные тенденции бухгалтерского учета и аудита 
320 |a Библиогр.: с. 12 (5 назв.) 
463 0 |0 (RuTPU)RU\TPU\book\250468  |t Экономика России в XXI веке  |o сборник научных трудов VIII Всероссийской научно-практической конференции "Фундаментальные проблемы модернизации экономики России", г. Томск, 15-18 ноября 2011 г.  |f Национальный исследовательский Томский политехнический университет (ТПУ), Инженерно-экономический факультет ; под ред. Г. А. Барышевой, Л. М. Борисовой  |v С. 10-12  |d 2011  |p 420 с. 
610 1 |a труды учёных ТПУ 
610 1 |a доходы физических лиц 
610 1 |a налоги с физических лиц 
610 1 |a система налогообложения 
610 1 |a реформы 
610 1 |a поправки 
610 1 |a нововведения 
700 1 |a Вяткина  |b Л. В. 
801 1 |a RU  |b 63413507  |c 20121214 
801 2 |a RU  |b 63413507  |c 20130412  |g RCR 
942 |c BK